| 000 | 00848nam a22002777a 4500 | ||
|---|---|---|---|
| 003 | DO-SdBNP | ||
| 005 | 20250516100600.0 | ||
| 007 | ta | ||
| 008 | 210819e2018 dr ac||er|||| 001 edspa d | ||
| 020 | _a9789945169249 | ||
| 040 |
_aDO-SdBNP _bspa _cBNPHU |
||
| 041 | _hspa | ||
| 082 | _bV434m | ||
| 100 | 1 |
_aVelásquez Nin, Rhina _979503 |
|
| 245 | 1 | 0 |
_aMi Faby autista II / _cRhina Velásquez Nin; Prólogo,Cesar Mella Mejía, |
| 246 | _aMi Faby autista dos | ||
| 260 |
_aSanto Domingo : _bEditora Búho, _c2018 |
||
| 300 |
_a113 p. : _bil., retr. ; _c21 cm. |
||
| 500 | _aIncluye biografía de la autora en la contracubierta . | ||
| 504 | _aBibliografía: p. 111- 113 | ||
| 590 | _aInventariado 2021 / MF | ||
| 650 | 0 |
_aAutismo en niños _964851 |
|
| 700 | 1 | 2 |
_aMella Mejía, Cesar, _epról. _979504 |
| 910 | _aMFeliz | ||
| 942 |
_2ddc _cLBS1 |
||
| 999 |
_c50227 _d50227 |
||